|
|
|
|
| LEADER |
02677nam a2200613 4500 |
| 001 |
ocn804146080 |
| 003 |
OCoLC |
| 005 |
20170124071754.1 |
| 006 |
m o d |
| 007 |
cr ||||||||||| |
| 008 |
120802s2013 mau ob 001 0 eng |
| 010 |
|
|
|a 2012031324
|
| 040 |
|
|
|a DLC
|b eng
|e rda
|e pn
|c DLC
|d DG1
|d N$T
|d TEFOD
|d NOC
|d OCLCF
|d UKDOC
|d COO
|d E7B
|d TEFOD
|d OCLCQ
|d OCLCO
|d GrThAP
|
| 019 |
|
|
|a 844342094
|
| 020 |
|
|
|a 9781118408711
|q (ePub)
|
| 020 |
|
|
|a 1118408713
|q (ePub)
|
| 020 |
|
|
|a 9781118408698
|q (MobiPocket)
|
| 020 |
|
|
|a 1118408691
|q (MobiPocket)
|
| 020 |
|
|
|a 9781118408704
|q (Adobe PDF)
|
| 020 |
|
|
|a 1118408705
|q (Adobe PDF)
|
| 020 |
|
|
|a 9781118408681
|q (electronic bk.)
|
| 020 |
|
|
|a 1118408683
|q (electronic bk.)
|
| 020 |
|
|
|z 9780470972663
|q (pbk.)
|
| 029 |
1 |
|
|a AU@
|b 000050378589
|
| 029 |
1 |
|
|a DEBBG
|b BV041560757
|
| 029 |
1 |
|
|a NZ1
|b 15350994
|
| 029 |
1 |
|
|a DEBBG
|b BV043394942
|
| 029 |
1 |
|
|a DKDLA
|b 820120-katalog:000599182
|
| 035 |
|
|
|a (OCoLC)804146080
|z (OCoLC)844342094
|
| 037 |
|
|
|a 7A4ADED2-D681-4715-8287-DE35FEF6D89B
|b OverDrive, Inc.
|n http://www.overdrive.com
|
| 042 |
|
|
|a pcc
|
| 050 |
0 |
0 |
|a HQ1062
|
| 072 |
|
7 |
|a PSY
|x 043000
|2 bisacsh
|
| 072 |
|
7 |
|a SEL
|x 005000
|2 bisacsh
|
| 082 |
0 |
0 |
|a 155.67/2
|2 23
|
| 049 |
|
|
|a MAIN
|
| 100 |
1 |
|
|a Milne, D.
|q (Derek)
|
| 245 |
1 |
4 |
|a The psychology of retirement :
|b coping with the transition from work /
|c Derek Milne, BSc, Msc, DipClinPsych, PhD, CPsychol (Clinical ; Sport and Exercise), FBPsS.
|
| 264 |
|
1 |
|a Malden, MA :
|b Wiley-Blackwell,
|c 2013.
|
| 300 |
|
|
|a 1 online resource.
|
| 336 |
|
|
|a text
|b txt
|2 rdacontent
|
| 337 |
|
|
|a computer
|b c
|2 rdamedia
|
| 338 |
|
|
|a online resource
|b cr
|2 rdacarrier
|
| 504 |
|
|
|a Includes bibliographical references and index.
|
| 505 |
0 |
|
|a About this book and author -- Acknowledgements -- The surprises of retirement -- Understanding retirement -- Reframing retirement -- Relating in retirement -- Supporting retirement -- Learning from life -- Learning for life -- Conclusions -- Recommended reading and references for key research studies -- Index.
|
| 588 |
0 |
|
|a Print version record and CIP data provided by publisher.
|
| 650 |
|
0 |
|a Retirement
|x Psychological aspects.
|
| 650 |
|
7 |
|a PSYCHOLOGY
|x Developmental
|x Adulthood & Aging.
|2 bisacsh
|
| 650 |
|
7 |
|a SELF-HELP
|x Aging.
|2 bisacsh
|
| 650 |
|
7 |
|a Retirement
|x Psychological aspects.
|2 fast
|0 (OCoLC)fst01096310
|
| 655 |
|
4 |
|a Electronic books.
|
| 776 |
0 |
8 |
|i Print version:
|a Milne, D. (Derek).
|t Psychology of Retirement.
|d Jackson : University Press of Mississippi, 2013
|z 9780470972663
|w (DLC) 2012029608
|
| 856 |
4 |
0 |
|u https://doi.org/10.1002/9781118408681
|z Full Text via HEAL-Link
|
| 994 |
|
|
|a 92
|b DG1
|